CRM - spolupráce v péči o trh

Zákaznícka databáza ako produkt, ktorého hodnota intenzívnym používaním rastie. CRM systémy v peňažníctve. Firemná zákaznícka databáza ako základ pre vytváranie pevného vzťahu so zákazníkmi. Finančný trh u nás a vo svete s pohľadu využívania CRM systému. U akých produktov je možné využiť efektívny c...

Descrizione completa

Salvato in:
Dettagli Bibliografici
Autore principale: Jelínek, Jiří
Natura: Capitolo di libro
Lingua:ceco
Soggetti:
Tags: Aggiungi Tag
Nessun Tag, puoi essere il primo ad aggiungerne!!

MARC

LEADER 00000naa$a2200000$$$4500
001 0055540
005 20231016105821.7
041 0 |a cze 
044 |a CZ 
245 1 0 |a CRM - spolupráce v péči o trh  |c Jiří Jelínek 
520 |a Zákaznícka databáza ako produkt, ktorého hodnota intenzívnym používaním rastie. CRM systémy v peňažníctve. Firemná zákaznícka databáza ako základ pre vytváranie pevného vzťahu so zákazníkmi. Finančný trh u nás a vo svete s pohľadu využívania CRM systému. U akých produktov je možné využiť efektívny cross-selling s podporou CRM systému. 
610 2 0 |a marketing 
610 2 0 |a systém CRM 
610 2 0 |a riadenie vzťahov so zákazníkmi 
610 2 0 |a systémy informačné 
610 2 0 |a peňažníctvo 
610 2 0 |a banky 
610 2 0 |a poisťovne 
100 1 |a Jelínek, Jiří